00684 2200241 4500001002100000005001500021035002000036007000300056008003900059020001600098082000800114084001400122100001900136245007000155250001400225260003900239300003600278500001100314650003900325650003800364990002000402990002000422INLIS00000000000351120230105104345 a0010-0123000038ta230105 | | |  a979534303-3 a910 a910 AND s0 aAndrew Langley1 a100 Pengetahuan Tentang Wilayah Barat yang Liar /cAndrew Langley aCet. 1,-- aBandung. :bPT. Pakar Raya,c2006. a40 hlm. :bilus. ;c20 x 28 cm. aIndeks aAlih bahasa, Yeni Dwi Iswanti, S.S aPenyuntuing materi, Ir. Rudiyanto a12544/P/Bl/2016 a12543/P/Bl/2016